Normal view
MARC view
- Nonviolent Power
Entry Topical Term
001 - CONTROL NUMBER
- control field: 2899
003 - CONTROL NUMBER IDENTIFIER
- control field: JO-AjAnu
005 - DATE AND TIME OF LATEST TRANSACTION
- control field: 20230606070758.0
008 - FIXED-LENGTH DATA ELEMENTS
- fixed length control field: 230606|| aca||aabn | a|a d
040 ## - CATALOGING SOURCE
- Original cataloging agency: JO-AjAnu
- Transcribing agency: JO-AjAnu
150 ## - HEADING--TOPICAL TERM
- Topical term or geographic name entry element: Nonviolent Power
670 ## - SOURCE DATA FOUND
- Source citation: Work cat.: (JO-AjAnu)1518: Stiehm,Judith, author 2898, Nonviolent Power : Active and Passive Resistance in America